000 00579nam a22001217a 4500
008 110616t xxu||||| |||| 00| 0 eng d
010 _aCACAF54
245 _aThe Court of Appeal Civil Appeal No. 15 of 1998. Mohammed Muwanga Vs Lint Marketing Board (In liquidation )
260 _c1998
500 _aCoram: C.M. Kato , J.A. , J.P. Berko, J.A.& S.G. Engwau,J.A.
500 _aAn appeal arising from the judgment of Byamugisha J. in H.C.C.S No.779/92, dated 30th April , 1996.
999 _c3189
_d3189